1530 1681 1911 1026 1680 1791 1880 1628 1213 1662 1381 1722 1496 1072 1891 1761 1666 1171 1541 1653 1249 1060 1364 1544 1805 1551 1353 1899 1197 1127 1902 1508 1330 1142 1876 1093 1239 1254 1841 1181 1003 1832 1004 1205 1701 1289 1221 1169 1476 1423 1107 1476 1669 1950 1527 1155 1863 1888 1716 1068 1426 1018 1155 1198 1500 1983 1136 1954 1188 1315 1034 1246 1456 1764 1226 1589 1191 1299 1796 1978 1117 1903 1418 1059 1759 1322 1844 1690 1702 1473 1286 1581 1670 1824 1377 1761 1762 1749 1519 BCNSPRNW ULIB Ver.6.0+V

เปลี่ยนเป็นภาษาไทย

Change to English
 แสดงรายละเอียดบรรณานุกรม
  กลับหน้าหลัก

Brief Record : Get Marc (ISO 2709) : E-mail record : QR code < ปิดหน้าต่าง
LEADER : 00000nam 2200000uu 4500
001    13399124538
003     ULIB
008    020711s2550 th a 000 0 tha d
020    9749588697
050    BF3^bร421พ
110    ราชบัณฑิตยสถาน
245    พจนานุกรม ศัพท์จิตวิทยา อักษร M-Z /^cราชบัณฑิตยสถาน
260    กรุงเทพฯ :^bราชบัณฑิตยสถาน,^c2550
300    490 หน้า
945    ^p180^l0^i14336
รายการนี้ยังไม่มีแท็ก
คุณยังไม่ได้ล็อกอิน คุณสามารถมีกิจกรรมร่วมกับเว็บไซต์ได้ แต่ต้องล็อกอินก่อน ::
  ล็อกอิน

รายการสื่อสารสนเทศ

ลำดับที่ ประเภท เลขเรียก/บาร์โค้ด สถานที่ สถานะ
1. การศึกษาทั่วไป
การศึกษาทั่วไป
BF3 ร421พ ฉ.1 
  Barcode: 14336
ห้องสมุดวิทยาเขตนครสวรรค์
►หนังสือทั่วไป:l:General Books
บนชั้น

BibComment


ยังไม่เคยถูกคอมเมนท์

คอมเมนท์ทรัพยากรรายการนี้
  คอมเมนท์: พจนานุกรม ศัพท์จิ..


 Copyright 2026. Bcnsprnw @Library